| 000 | 00779cam a22002655a 4500 | ||
|---|---|---|---|
| 005 | 20150912124650.0 | ||
| 008 | 100325r20092002ii a fr 000 0 eeng d | ||
| 020 | _a8188458058 | ||
| 020 | _a9788188458059 | ||
| 040 |
_aEG-ScBUE _beng _cEG-ScBUE |
||
| 082 | 0 | 4 |
_a660.0724 _bRAT _222 |
| 100 | 1 | _aRattan, Sunita. | |
| 245 | 1 | 0 |
_aExperiments in Applied Chemistry / _cBy Sunita Rattan |
| 250 | _a2nd ed. | ||
| 260 |
_aDelhi : _bS. K. Kataria & Sons, _c2009. |
||
| 300 |
_a386 p. : _bill. ; _c24 cm. |
||
| 500 | _aReprint of 2004 ed. | ||
| 590 | _adoaa mohamed | ||
| 650 | 0 |
_aChemistry, Technical. _2BUEsh _932575 |
|
| 650 | 0 |
_aChemistry _xExperiments. _2BUEsh _931104 |
|
| 651 | _2BUEsh | ||
| 653 |
_bENGCHE _bGGEN _cAugust2015 |
||
| 655 |
_vreading book _934232 |
||
| 942 | _2ddc | ||
| 999 |
_c13776 _d13776 |
||